[Event "Gyor Amateur op 17th"]
[Site "Gyor"]
[Date "2019.05.25"]
[Round "2"]
[White "Balogh, Anett"]
[Black "Kiraly, Barnabas"]
[Result "0-1"]
[WhiteElo "1325"]
[BlackElo "1754"]
[PlyCount "104"]
[EventDate "2019.05.25"]
[EventType "swiss"]
[EventRounds "5"]
[EventCountry "HUN"]
[SourceTitle "EXT 2020"]
[Source "ChessBase"]
[SourceDate "2019.10.17"]
[SourceVersion "1"]
[SourceVersionDate "2019.10.17"]
[SourceQuality "1"]

1. e4 d5 2. exd5 Qxd5 3. Nc3 Qa5 4. Nf3 Bg4 5. d4 Nf6 6. h3 Bh5 7. Be2 Ne4 8. Bd2 Nxd2 9. Qxd2 Nc6 10. 0-0 0-0-0 11. Rfd1 e6 12. a3 Qb6 13. Na4 Qa5 14. Qxa5 Nxa5 15. Rd2 Bxf3 16. Bxf3 e5 17. Rad1 Nc4 18. Re2 exd4 19. Bg4+ Kb8 20. Rxd4 Nd6 21. c4 h5 22. Bf3 g6 23. c5 Bg7 24. Rb4 a5 25. Rb3 Nf5 26. Rxb7+ Kc8 27. Ra7 Nd4 28. Ra8+ Kd7 29. c6+ Kd6 30. Rxd8+ Rxd8 31. Rd2 Ke5 32. Kf1 Rd6 33. Nc5 Nxf3 34. Nd7+ Ke6 35. Re2+ Ne5 36. f4 Rd5 37. fxe5 Bxe5 38. b4 axb4 39. axb4 Kd6 40. Rc2 f6 41. Nb6 Rb5 42. Nc8+ Ke6 43. Rc4 Kd5 44. Rc2 g5 45. Ne7+ Ke6 46. Ng6 Rxb4 47. Nf8+ Kd6 48. Nd7 Rb3 49. Nxe5 Kxe5 50. Ke2 Rb6 51. h4 Kd6 52. hxg5 fxg5 0-1

[Event "Gyor Amateur op 17th"]
[Site "Gyor"]
[Date "2019.05.25"]
[Round "3"]
[White "Kiraly, Barnabas"]
[Black "Nusser, Gergo"]
[Result "1-0"]
[WhiteElo "1754"]
[BlackElo "1330"]
[PlyCount "69"]
[EventDate "2019.05.25"]
[EventType "swiss"]
[EventRounds "5"]
[EventCountry "HUN"]
[SourceTitle "EXT 2020"]
[Source "ChessBase"]
[SourceDate "2019.10.17"]
[SourceVersion "1"]
[SourceVersionDate "2019.10.17"]
[SourceQuality "1"]

1. e4 e5 2. Nf3 Nc6 3. Bc4 Bc5 4. c3 d6 5. 0-0 Nf6 6. d4 exd4 7. cxd4 Bb6 8. Bg5 Bg4 9. Qb3 0-0 10. e5 Bxf3 11. exf6 Nxd4 12. Qc3 gxf6 13. Bh6 Re8 14. gxf3 d5 15. Bd3 Nxf3+ 16. Kg2 d4 17. Qb3 Ne5 18. Kh1 Kh8 19. Rg1 Rg8 20. Nd2 Qd7 21. Be4 Rab8 22. Bf4 Ng4 23. Qf3 d3 24. Raf1 Rg7 25. Bh6 Rgg8 26. Bf5 Nxf2+ 27. Rxf2 Qd4 28. Rgf1 Rbe8 29. Be4 Qe5 30. Qxf6+ Qxf6 31. Rxf6 Re7 32. h4 Rge8 33. Rxf7 Rxe4 34. Nxe4 Bd4 35. Rf8+ 1-0

[Event "HUN-chT4 Chalupetzky 1718"]
[Site "Hungary"]
[Date "2017.10.15"]
[Round "1.2"]
[White "Markus, Jozsef"]
[Black "Kiraly, Barnabas"]
[Result "0-1"]
[WhiteElo "1726"]
[BlackElo "1716"]
[PlyCount "20"]
[EventDate "2017.10.15"]
[EventType "team-tourn"]
[EventRounds "7"]
[EventCountry "HUN"]
[SourceTitle "EXT 2019"]
[Source "ChessBase"]
[SourceDate "2018.10.10"]
[SourceVersion "1"]
[SourceVersionDate "2018.10.10"]
[SourceQuality "1"]
[WhiteTeam "Gonyu"]
[BlackTeam "Lovo"]
[WhiteTeamCountry "HUN"]
[BlackTeamCountry "HUN"]

1. e4 e5 2. Nf3 Nc6 3. d4 exd4 4. Nxd4 Bc5 5. Nxc6 bxc6 6. Bc4 Nf6 7. Bg5 Bxf2+ 8. Kxf2 Nxe4+ 9. Kg1 Qxg5 10. Qf3 Qc5+ 0-1

[Event "HUN-chT4 1617"]
[Site "Hungary"]
[Date "2017.03.19"]
[Round "6.3"]
[White "Kiraly, Barnabas"]
[Black "Kiss, Balazs"]
[Result "0-1"]
[WhiteElo "1701"]
[BlackElo "1983"]
[PlyCount "94"]
[EventDate "2016.10.02"]
[EventType "team-tourn"]
[EventRounds "7"]
[EventCountry "HUN"]
[SourceTitle "EXT 2019"]
[Source "ChessBase"]
[SourceDate "2018.10.10"]
[SourceVersion "1"]
[SourceVersionDate "2018.10.10"]
[SourceQuality "1"]

1. e4 e5 2. Nf3 Nf6 3. Nxe5 d6 4. Nf3 Nxe4 5. Qe2 Qe7 6. d3 Nf6 7. Bg5 Qxe2+ 8. Bxe2 Be7 9. Nc3 a6 10. 0-0-0 Nc6 11. a3 Be6 12. Ne4 Nxe4 13. dxe4 f6 14. Be3 0-0-0 15. Nd4 Nxd4 16. Rxd4 f5 17. Bc4 Bxc4 18. Rxc4 b5 19. Rd4 Bf6 20. Rd2 fxe4 21. Re1 Rhe8 22. Rde2 Re7 23. c3 Rde8 24. Kc2 Kd7 25. a4 Rb8 26. Bf4 g5 27. Be3 b4 28. Bd2 bxc3 29. Bxc3 Bxc3 30. Kxc3 Rbe8 31. b4 c6 32. Kd4 d5 33. Rb1 Kd6 34. Rb3 Rf8 35. Rg3 h6 36. Rc2 Rf4 37. Kc3 Ref7 38. Rh3 R7f6 39. Kd4 e3+ 40. Kxe3 Rxb4 41. Ra2 Rb3+ 42. Ke2 Rxh3 43. gxh3 Rf4 44. Ra3 c5 45. Ke3 c4 46. Ke2 Kc5 47. Ra1 d4 0-1

[Event "HUN-chT2 Szechenyi 1617"]
[Site "Hungary"]
[Date "2017.02.26"]
[Round "9.10"]
[White "Olah, Jozsef"]
[Black "Kiraly, Barnabas"]
[Result "1-0"]
[WhiteElo "1920"]
[BlackElo "1616"]
[PlyCount "99"]
[EventDate "2016.09.25"]
[EventType "team-tourn"]
[EventRounds "11"]
[EventCountry "HUN"]
[SourceTitle "EXT 2021"]
[Source "ChessBase"]
[SourceDate "2020.10.23"]
[SourceVersion "1"]
[SourceVersionDate "2020.10.23"]
[SourceQuality "1"]
[WhiteTeam "Haladas Szombathely III"]
[BlackTeam "Lovo"]
[WhiteTeamCountry "HUN"]
[BlackTeamCountry "HUN"]

1. Nf3 Nf6 2. c4 c5 3. g3 e6 4. Bg2 Be7 5. 0-0 0-0 6. d4 d6 7. Nc3 Nbd7 8. a4 Re8 9. Qc2 Nf8 10. Rd1 Qa5 11. Bd2 cxd4 12. Nxd4 Qh5 13. Ndb5 Rd8 14. Ne4 Nxe4 15. Qxe4 a6 16. Bf3 Qg6 17. Nc3 Rb8 18. Be3 Bd7 19. Ba7 Bc6 20. Qxg6 Nxg6 21. Bxb8 Rxb8 22. Bg2 Ne5 23. b3 f5 24. Rd2 Nf7 25. Rad1 g6 26. Na2 e5 27. Nb4 e4 28. Nd5 Bf8 29. f3 Bxd5 30. Rxd5 e3 31. f4 b6 32. R5d3 Kg7 33. Rxe3 d5 34. Re6 Bc5+ 35. Kf1 dxc4 36. bxc4 a5 37. Rd7 Rd8 38. Rxd8 Nxd8 39. Re8 Nf7 40. Bd5 h6 41. Rc8 Kf6 42. Rc7 Nd6 43. Kg2 g5 44. Rh7 Kg6 45. Re7 gxf4 46. gxf4 Kf6 47. Re6+ Kg7 48. Kh3 Nf7 49. Kh4 Bd4 50. Kh5 1-0

[Event "HUN-chT2 Szechenyi 1617"]
[Site "Hungary"]
[Date "2017.01.29"]
[Round "7.11"]
[White "Kiraly, Barnabas"]
[Black "Balogh, Marton"]
[Result "0-1"]
[WhiteElo "1616"]
[BlackElo "1906"]
[PlyCount "92"]
[EventDate "2016.09.25"]
[EventType "team-tourn"]
[EventRounds "11"]
[EventCountry "HUN"]
[SourceTitle "EXT 2021"]
[Source "ChessBase"]
[SourceDate "2020.10.23"]
[SourceVersion "1"]
[SourceVersionDate "2020.10.23"]
[SourceQuality "1"]
[WhiteTeam "Lovo"]
[BlackTeam "Csuti Baki Agrocentrum"]
[WhiteTeamCountry "HUN"]
[BlackTeamCountry "HUN"]

1. e4 e6 2. d4 d5 3. exd5 exd5 4. Bd3 Bd6 5. Ne2 Ne7 6. 0-0 Bf5 7. Bf4 0-0 8. c3 c6 9. Qc2 Bg6 10. Bg3 Qc7 11. Nd2 f5 12. Bxd6 Qxd6 13. f4 Nd7 14. Nf3 Bh5 15. Ne5 Bxe2 16. Qxe2 Nf6 17. Rae1 Ne4 18. Qe3 Rae8 19. Bb1 Kh8 20. Rf3 Ng6 21. Re2 Nxe5 22. dxe5 Qc5 23. Qxc5 Nxc5 24. Rff2 g6 25. g3 Kg7 26. Kg2 Kf7 27. Kf3 Ke6 28. Rd2 Rd8 29. Rd4 Rf7 30. Rfd2 Rfd7 31. Bc2 Ne4 32. Bxe4 fxe4+ 33. Ke3 b5 34. Rd1 c5 35. R4d2 Kf5 36. h3 Ke6 37. b3 a5 38. g4 g5 39. c4 gxf4+ 40. Kxf4 Rf8+ 41. Kg5 bxc4 42. bxc4 d4 43. Rb2 Kxe5 44. Rb5 Rc7 45. Rxa5 e3 46. Ra3 Ke4 0-1

[Event "HUN-chT2 Szechenyi 1617"]
[Site "Hungary"]
[Date "2016.12.11"]
[Round "6.12"]
[White "Kiraly, Barnabas"]
[Black "Barasits, Tibor"]
[Result "1/2-1/2"]
[WhiteElo "1616"]
[BlackElo "1631"]
[PlyCount "85"]
[EventDate "2016.09.25"]
[EventType "team-tourn"]
[EventRounds "11"]
[EventCountry "HUN"]
[SourceTitle "EXT 2021"]
[Source "ChessBase"]
[SourceDate "2020.10.23"]
[SourceVersion "1"]
[SourceVersionDate "2020.10.23"]
[SourceQuality "1"]
[WhiteTeam "Lovo"]
[BlackTeam "Arboretum"]
[WhiteTeamCountry "HUN"]
[BlackTeamCountry "HUN"]

1. e4 e5 2. Nf3 Nf6 3. Nxe5 d6 4. Nf3 Nxe4 5. Qe2 Qe7 6. d3 Nf6 7. Bg5 Qxe2+ 8. Bxe2 Be7 9. Nc3 a6 10. 0-0-0 b5 11. Nd2 b4 12. Bxf6 bxc3 13. Bxc3 0-0 14. Bf3 Ra7 15. Rde1 c5 16. Bd5 Be6 17. Bxe6 fxe6 18. f3 e5 19. Nc4 Nc6 20. Nb6 Nb4 21. Bxb4 cxb4 22. Re4 a5 23. Nd5 Bg5+ 24. Kd1 Rb7 25. Rc4 Kf7 26. Rc6 Ke6 27. Nb6 Bd8 28. Nc4 Bc7 29. Nd2 Kd7 30. Rc4 Bb6 31. Rh4 h6 32. Rg4 Kc6 33. Rg6 Rf6 34. Rxf6 gxf6 35. Rf1 f5 36. f4 Rf7 37. Nc4 e4 38. dxe4 fxe4 39. g3 Bc7 40. Ne3 h5 41. Ke2 Bb6 42. Nc4 Bc7 43. Ne3 1/2-1/2

[Event "Level op-A 4th"]
[Site "Level"]
[Date "2016.03.12"]
[Round "3"]
[White "Kiraly, Barnabas"]
[Black "Erky, Tamas"]
[Result "1/2-1/2"]
[WhiteElo "1555"]
[BlackElo "1681"]
[PlyCount "121"]
[EventDate "2016.03.11"]
[EventType "swiss"]
[EventRounds "7"]
[EventCountry "HUN"]
[SourceTitle "EXT 2017"]
[Source "ChessBase"]
[SourceDate "2016.10.25"]
[SourceVersion "1"]
[SourceVersionDate "2016.10.25"]
[SourceQuality "1"]

1. e4 e6 2. d4 d5 3. exd5 exd5 4. Bd3 Nf6 5. Bg5 Be7 6. Ne2 Nbd7 7. 0-0 0-0 8. Nd2 Re8 9. Re1 c5 10. c3 a6 11. Nf3 c4 12. Bc2 Bd6 13. Bf4 Qc7 14. Bxd6 Qxd6 15. Ng3 Nf8 16. Rxe8 Nxe8 17. b3 cxb3 18. axb3 Nf6 19. Ne5 Ng6 20. Bxg6 hxg6 21. c4 Be6 22. c5 Qd8 23. b4 Ne4 24. Nxe4 dxe4 25. Qd2 Qf6 26. Qe3 Bd5 27. Nd7 Qe6 28. Nb6 Re8 29. Re1 f5 30. Rd1 Rf8 31. Qg5 Rf6 32. Rb1 Bc6 33. Qd2 Bd5 34. g3 f4 35. Nxd5 Qxd5 36. gxf4 Qh5 37. Qe3 Qg4+ 38. Qg3 Qe2 39. d5 Qa2 40. Qb3 Qxb3 41. Rxb3 Rxf4 42. Re3 Kf7 43. Kg2 Kf6 44. f3 exf3+ 45. Rxf3 Rf5 46. Rxf5+ gxf5 47. h4 g6 48. Kf3 Ke5 49. d6 Ke6 50. Ke3 b6 51. cxb6 Kxd6 52. Kf4 Kc6 53. Kg5 Kxb6 54. Kxg6 f4 55. h5 f3 56. h6 f2 57. h7 f1Q 58. h8Q Qg2+ 59. Kf5 Qf3+ 60. Ke6 Qe4+ 61. Kd7 1/2-1/2

[Event "Level op-A 4th"]
[Site "Level"]
[Date "2016.03.11"]
[Round "1"]
[White "Kiraly, Barnabas"]
[Black "Nemeth, Balint"]
[Result "1/2-1/2"]
[WhiteElo "1555"]
[BlackElo "1798"]
[PlyCount "27"]
[EventDate "2016.03.11"]
[EventType "swiss"]
[EventRounds "7"]
[EventCountry "HUN"]
[SourceTitle "EXT 2017"]
[Source "ChessBase"]
[SourceDate "2016.10.25"]
[SourceVersion "1"]
[SourceVersionDate "2016.10.25"]
[SourceQuality "1"]

1. e4 e5 2. Nf3 Nc6 3. Bc4 Bc5 4. c3 Nf6 5. d4 exd4 6. 0-0 Nxe4 7. cxd4 Be7 8. d5 Nb8 9. Qd4 Nf6 10. d6 Bxd6 11. Re1+ Be7 12. Bg5 0-0 13. Bd3 Nc6 14. Qh4 1/2-1/2

[Event "HUN-chT4 Chalupetzky 1516"]
[Site "Fertoszentmiklos"]
[Date "2015.12.13"]
[Round "3.6"]
[White "Kiraly, Barnabas"]
[Black "Pal, Istvan"]
[Result "1/2-1/2"]
[WhiteElo "1540"]
[BlackElo "1643"]
[PlyCount "40"]
[EventDate "2015.10.11"]
[EventType "team-tourn"]
[EventRounds "7"]
[EventCountry "HUN"]
[SourceTitle "EXT 2017"]
[Source "ChessBase"]
[SourceDate "2016.10.25"]
[SourceVersion "1"]
[SourceVersionDate "2016.10.25"]
[SourceQuality "1"]
[WhiteTeam "Lovo II"]
[BlackTeam "UDSE II"]
[WhiteTeamCountry "HUN"]
[BlackTeamCountry "HUN"]

1. e4 c5 2. Nf3 Nc6 3. d4 cxd4 4. Nxd4 Nf6 5. Nc3 d6 6. Be3 e5 7. Nb3 Be6 8. f3 d5 9. exd5 Nxd5 10. Nxd5 Qxd5 11. Qxd5 Bxd5 12. 0-0-0 Be6 13. c3 a5 14. Kb1 Bxb3 15. axb3 Rd8 16. Bb5 Ra8 17. Kc2 Be7 18. Rd5 f6 19. Bb6 Rc8 20. Bxa5 0-0 1/2-1/2

[Event "HUN-chT U10"]
[Site "Budapest"]
[Date "2015.08.28"]
[Round "4.2"]
[White "Kiraly, Barnabas"]
[Black "Karacsonyi, Kata"]
[Result "1-0"]
[WhiteElo "1418"]
[BlackElo "1461"]
[PlyCount "91"]
[EventDate "2015.08.26"]
[EventType "team-swiss"]
[EventRounds "8"]
[EventCountry "HUN"]
[SourceTitle "EXT 2016"]
[Source "ChessBase"]
[SourceDate "2015.10.08"]
[SourceVersion "1"]
[SourceVersionDate "2015.10.08"]
[SourceQuality "1"]

1. e4 c5 2. Nf3 d6 3. d4 cxd4 4. Nxd4 Nf6 5. Nc3 Nc6 6. Be3 Ng4 7. Qd2 Nxe3 8. Qxe3 Bd7 9. g3 Qb6 10. 0-0-0 Rc8 11. Nf5 Qa5 12. Nd4 g6 13. Nb3 Qh5 14. Be2 Bg4 15. Bxg4 Qxg4 16. Kb1 Bg7 17. Nd5 Qe6 18. f4 0-0 19. Rhf1 f5 20. exf5 Qxe3 21. Nxe3 gxf5 22. Rfe1 a5 23. a4 b6 24. Nd5 Rfe8 25. Nxb6 Rb8 26. Nc4 Rec8 27. Rd5 Nb4 28. Ne3 Nxd5 29. Nxd5 Re8 30. Rxe7 Rxe7 31. Nxe7+ Kf7 32. Nxf5 Rb6 33. Nxg7 Kxg7 34. Nxa5 d5 35. c3 Rh6 36. b4 Rxh2 37. b5 Rh6 38. c4 dxc4 39. Nxc4 Rf6 40. b6 Rf7 41. Nd6 Rf8 42. b7 Rb8 43. a5 Kf6 44. a6 Ke6 45. a7 Rd8 46. b8Q 1-0

[Event "HUN-ch U12"]
[Site "Balatonlelle"]
[Date "2015.06.23"]
[Round "8"]
[White "Kiraly, Barnabas"]
[Black "Palczert, Botond"]
[Result "1/2-1/2"]
[WhiteElo "1442"]
[BlackElo "1614"]
[PlyCount "33"]
[EventDate "2015.06.18"]
[EventType "swiss"]
[EventRounds "9"]
[EventCountry "HUN"]
[SourceTitle "CBM 167 Extra"]
[Source "ChessBase"]
[SourceDate "2015.09.14"]
[SourceVersion "1"]
[SourceVersionDate "2015.09.14"]
[SourceQuality "1"]

1. e4 c5 2. Nf3 Nc6 3. d4 cxd4 4. Nxd4 g6 5. c4 Bg7 6. Be3 Nf6 7. Nc3 0-0 8. Be2 d6 9. f3 Bd7 10. Qd2 a5 11. 0-0 Nxd4 12. Bxd4 Bc6 13. Nd5 Nd7 14. a3 Nc5 15. Bxg7 Kxg7 16. b4 Ne6 17. Rfd1 1/2-1/2

[Event "HUN-ch U12"]
[Site "Balatonlelle"]
[Date "2015.06.22"]
[Round "7"]
[White "Varga, Boldizsar"]
[Black "Kiraly, Barnabas"]
[Result "1/2-1/2"]
[WhiteElo "1267"]
[BlackElo "1442"]
[PlyCount "93"]
[EventDate "2015.06.18"]
[EventType "swiss"]
[EventRounds "9"]
[EventCountry "HUN"]
[SourceTitle "CBM 167 Extra"]
[Source "ChessBase"]
[SourceDate "2015.09.14"]
[SourceVersion "1"]
[SourceVersionDate "2015.09.14"]
[SourceQuality "1"]

1. d4 Nf6 2. c4 e6 3. Nf3 c5 4. Nc3 d5 5. e3 Nc6 6. Be2 Bd6 7. 0-0 0-0 8. Re1 a6 9. a3 Qc7 10. Bd2 cxd4 11. exd4 Ne4 12. cxd5 Nxc3 13. Bxc3 exd5 14. Rc1 Bg4 15. h3 Bf5 16. Bd3 Bxd3 17. Qxd3 Rac8 18. Ng5 g6 19. Bd2 Rfe8 20. Bc3 Bf8 21. Nf3 Bg7 22. Qd2 Qd7 23. Rxe8+ Rxe8 24. Re1 Rxe1+ 25. Qxe1 Qe6 26. Qe3 Qxe3 27. fxe3 f5 28. Ng5 h6 29. Ne6 Bf8 30. Nf4 Ne7 31. Bb4 Kf7 32. Bxe7 Bxe7 33. Nxd5 Bg5 34. Kf2 Bd8 35. Ke2 g5 36. Kd3 h5 37. Kc4 Ke6 38. Nb4 a5 39. Nd3 Kd6 40. Ne5 Bf6 41. Nd3 g4 42. Nf4 h4 43. a4 Bg5 44. b3 g3 45. Kd3 Kc6 46. Kc4 Kd6 47. Kd3 1/2-1/2

[Event "HUN-ch U12"]
[Site "Balatonlelle"]
[Date "2015.06.21"]
[Round "5"]
[White "Bako, Martin"]
[Black "Kiraly, Barnabas"]
[Result "1/2-1/2"]
[WhiteElo "1421"]
[BlackElo "1442"]
[PlyCount "92"]
[EventDate "2015.06.18"]
[EventType "swiss"]
[EventRounds "9"]
[EventCountry "HUN"]
[SourceTitle "CBM 167 Extra"]
[Source "ChessBase"]
[SourceDate "2015.09.14"]
[SourceVersion "1"]
[SourceVersionDate "2015.09.14"]
[SourceQuality "1"]

1. e4 e5 2. Nc3 Nc6 3. Bc4 Nf6 4. d3 Bb4 5. Nge2 d5 6. exd5 Nxd5 7. Bd2 Be6 8. Nxd5 Bxd2+ 9. Qxd2 Bxd5 10. Bxd5 Qxd5 11. Qg5 0-0 12. 0-0 Rae8 13. h4 Re6 14. Nf4 h6 15. Qxg7+ Kxg7 16. Nxd5 Rd6 17. Ne3 f5 18. f4 exf4 19. Rxf4 Rdf6 20. Raf1 Kg6 21. g4 fxg4 22. Rxf6+ Rxf6 23. Rxf6+ Kxf6 24. Nxg4+ Kg6 25. Kg2 Nd4 26. c3 Nf5 27. Kh3 Kf7 28. Ne5+ Kf6 29. Nf3 Ne3 30. b3 Nd5 31. c4 Nb4 32. Kg4 Nxd3 33. Kh5 Kg7 34. Nd4 Nc1 35. Ne6+ Kh7 36. Nxc7 Nxa2 37. Nb5 Nc1 38. b4 Nd3 39. Nxa7 Nxb4 40. Nb5 Nc6 41. Nd6 Na5 42. c5 Kg7 43. Nf5+ Kh7 44. Nxh6 Nb3 45. Nf7 Nxc5 46. Nd6 b6 1/2-1/2

[Event "HUN-chT4a 1415"]
[Site "Hungary"]
[Date "2015.02.22"]
[Round "5.2"]
[White "Kadi, Richard"]
[Black "Kiraly, Barnabas"]
[Result "1-0"]
[WhiteElo "1600"]
[BlackElo "1343"]
[PlyCount "71"]
[EventDate "2014.10.19"]
[EventType "team-tourn"]
[EventRounds "7"]
[EventCountry "HUN"]
[SourceTitle "EXT 2016"]
[Source "ChessBase"]
[SourceDate "2015.10.08"]
[SourceVersion "1"]
[SourceVersionDate "2015.10.08"]
[SourceQuality "1"]

1. e4 e5 2. Nc3 Nf6 3. f4 d6 4. Nf3 Nbd7 5. Bc4 Be7 6. d3 a6 7. a4 b6 8. 0-0 0-0 9. h3 Re8 10. Bxf7+ Kh8 11. Bxe8 Qxe8 12. fxe5 dxe5 13. Bg5 Bb7 14. Qe2 Qg6 15. Kh1 Bd6 16. Be3 Rd8 17. Nh4 Qe8 18. Rf3 Nc5 19. Bg5 Be7 20. Nf5 Ncd7 21. Nxe7 Qxe7 22. Raf1 Qe6 23. Nd1 Rf8 24. Ne3 h6 25. Bxf6 Nxf6 26. Ng4 c5 27. Qf2 Kg8 28. Nxf6+ Rxf6 29. Rxf6 gxf6 30. Qxf6 Bc8 31. Qxe6+ Bxe6 32. Rf6 Bf7 33. Rxb6 a5 34. Rb5 c4 35. Rxe5 cxd3 36. cxd3 1-0

[Event "HUN-chT4b 1415"]
[Site "Hungary"]
[Date "2014.11.08"]
[Round "3.1"]
[White "Kiraly, Barnabas"]
[Black "Farkas, Milan"]
[Result "1-0"]
[WhiteElo "1307"]
[BlackElo "1510"]
[PlyCount "83"]
[EventDate "2014.10.04"]
[EventType "team-tourn"]
[EventRounds "7"]
[EventCountry "HUN"]
[SourceTitle "EXT 2016"]
[Source "ChessBase"]
[SourceDate "2015.10.08"]
[SourceVersion "1"]
[SourceVersionDate "2015.10.08"]
[SourceQuality "1"]

1. e4 e6 2. d4 d5 3. exd5 exd5 4. Nf3 Bg4 5. Bf4 Nc6 6. c3 Nf6 7. Nbd2 Be7 8. Be2 0-0 9. 0-0 Re8 10. Re1 Bd6 11. Bxd6 Qxd6 12. h3 Bh5 13. Qc2 Re7 14. Bb5 Rae8 15. Rxe7 Rxe7 16. Re1 Rxe1+ 17. Nxe1 a6 18. Bxc6 Qxc6 19. Nef3 Bg6 20. Qb3 b6 21. Ne5 Qd6 22. Qd1 Bf5 23. Qf3 Be6 24. Qe2 a5 25. Qd3 c5 26. f4 c4 27. Qf3 g6 28. a3 Qe7 29. Qe3 Qe8 30. Qe2 Kg7 31. Qd1 Qb5 32. Qc1 Nh5 33. Ndf3 Ng3 34. Qd2 Ne4 35. Qe2 f6 36. Ng4 h5 37. Nf2 Ng3 38. Qxe6 Qxb2 39. Qe7+ Kh6 40. Qxf6 Qxf2+ 41. Kh2 Ne4 42. Qh8# 1-0